000 00428nam a2200181Ia 4500
001 16078
005 20260306170243.0
008 260306t2007||||xx |||||||||||||| ||und||
041 _aESP
082 _a346.6
_bM44 2007
100 _aMessineo, Francesco
_eAUT
245 0 _aDoctrina general del contrato
260 _c2007
300 _a845 páginas :
_ccm.
650 _aGEN
654 _aCDE
942 _cLIB
_dJUS
_fJUS
_2ddc
_n
999 _c16078
_d16078